[Event "2nd GMA World Cup prel  #1"]
[Site "Belgrade YUG"]
[Date "1988.??.??"]
[Round "?"]
[White "Orlov, Georgy"]
[Black "Dolmatov, Sergei"]
[Result "1/2-1/2"]
[WhiteElo "2425"]
[BlackElo "2550"]
[EventDate "1988.12.??"]
[PlyCount "167"]

1.d4 e6 2.Nf3 f5 3.c4 Nf6 4.Nc3 Bb4 5.Qb3 a5 6.g3 Qe7 7.a3 Bxc3+ 8.Qxc3 a4
9.Bg2 d6 10.O-O O-O 11.Be3 Nc6 12.Rad1 e5 13.dxe5 dxe5 14.Bg5 h6 15.Bxf6 
Qxf6 16.Rd5 e4 17.Qxf6 Rxf6 18.Nd4 Nxd4 19.Rxd4 Be6 20.c5 Ra5 21.Rc1 Rb5 
22.Rxa4 Rxb2 23.e3 Rf8 24.Rb4 Rxb4 25.axb4 Ra8 26.Bf1 Ra4 27.b5 Kf7 28.c6 
b6 29.Rd1 Ke7 30.Kg2 g5 31.h3 Ra8 32.Rd4 Rd8 33.Ra4 Bb3 34.Ra7 Kd6 35.Be2 
Rg8 36.Kh2 Rc8 37.Ra3 Be6 38.Ra4 Ke5 39.Kg2 Rg8 40.Kf1 f4 41.gxf4+ gxf4 
42.exf4+ Kxf4 43.h4 Ke5 44.Ra7 Kd6 45.Ra4 Bd5 46.Ke1 Rf8 47.Ra3 Kc5 48.Rg3
Rg8 49.Rc3+ Kb4 50.Rg3 Kc5 51.Rc3+ Kd4 52.Ra3 Rg2 53.h5 Kc5 54.Ra4 Kd6 55.
Ra8 Rg8 56.Ra4 Rf8 57.Ra7 Bb3 58.Ra3 Be6 59.Rg3 Rg8 60.Re3 Kd5 61.Ra3 Bf7 
62.Ra7 Kd6 63.Ra4 Rg5 64.Rxe4 Bxh5 65.f4 Rd5 66.Bc4 Rd1+ 67.Kf2 Bg4 68.Kg3
h5 69.Re5 Rc1 70.Be2 Bxe2 71.Rxe2 Rc5 72.Rd2+ Ke6 73.Rd7 Rxb5 74.Rxc7 Kd6 
75.Rc8 Rc5 76.Kh4 Rf5 77.Kg3 b5 78.Kf3 Rc5 79.Rh8 Kxc6 80.Rh6+ Kd7 81.Ke4 
b4 82.f5 h4 83.Kd4 Rb5 84.Rxh4 1/2-1/2

[Event "2nd GMA World Cup prel  #1"]
[Site "Belgrade YUG"]
[Date "1988.??.??"]
[Round "?"]
[White "Orlov, Georgy"]
[Black "Gruenfeld, Yehuda"]
[Result "1-0"]
[WhiteElo "2425"]
[BlackElo "2520"]
[EventDate "1988.12.??"]
[PlyCount "87"]

1.d4 Nf6 2.c4 e6 3.Nc3 c5 4.d5 exd5 5.cxd5 d6 6.Nf3 g6 7.Bf4 Bg7 8.e4 O-O 
9.Nd2 Nh5 10.Be3 Nd7 11.Be2 Ne5 12.g4 Nf6 13.h3 Ne8 14.f4 Nd7 15.Nf3 a6 
16.a4 Rb8 17.Qc2 Nc7 18.O-O b5 19.axb5 axb5 20.Rad1 b4 21.Na4 b3 22.Qd2 
Ba6 23.Bxa6 Nxa6 24.Nc3 Re8 25.e5 dxe5 26.f5 Rb4 27.Ng5 Nf6 28.fxg6 hxg6 
29.Qf2 Rf8 30.Qh4 Nh5 31.d6 Rc4 32.Nd5 Qxd6 33.Qf2 f6 34.Nf3 Rd4 35.Bxd4 
cxd4 36.gxh5 Qxd5 37.hxg6 Bh6 38.Rfe1 Nb4 39.Nxd4 exd4 40.Rxd4 Qc5 41.Rd7 
Qc2 42.Qg3 Nc6 43.g7 Rc8 44.Qg4 1-0

[Event "2nd GMA World Cup prel  #1"]
[Site "Belgrade YUG"]
[Date "1988.??.??"]
[Round "?"]
[White "Orlov, Georgy"]
[Black "Xu Jun"]
[Result "1/2-1/2"]
[WhiteElo "2425"]
[BlackElo "2505"]
[EventDate "1988.12.??"]
[PlyCount "35"]

1.d4 d5 2.Nf3 Nf6 3.c4 dxc4 4.e3 e6 5.Bxc4 a6 6.Bd3 c5 7.O-O cxd4 8.exd4 
Nc6 9.Nc3 Be7 10.Bg5 O-O 11.Rc1 b6 12.Bb1 Bb7 13.a3 Rc8 14.Qd3 g6 15.Rfe1 
Na5 16.Bh6 Re8 17.Ne5 Nd7 18.Qg3 1/2-1/2

[Event "2nd GMA World Cup prel  #1"]
[Site "Belgrade YUG"]
[Date "1988.??.??"]
[Round "?"]
[White "Ostojic, Predrag"]
[Black "Bebchuk, Evgeny"]
[Result "1/2-1/2"]
[WhiteElo "2390"]
[BlackElo "2350"]
[EventDate "1988.12.??"]
[PlyCount "135"]

1.e4 e5 2.Bc4 Nf6 3.d3 d6 4.Nf3 h6 5.h3 c6 6.Bb3 g6 7.O-O Bg7 8.Nc3 O-O 9.
d4 Qe7 10.Re1 Be6 11.Be3 b5 12.Bxe6 Qxe6 13.a3 Rc8 14.Qd3 a6 15.dxe5 dxe5 
16.Rad1 Bf8 17.Nb1 c5 18.Nc3 Nc6 19.Nd5 Nd4 20.Nxf6+ Qxf6 21.Nh2 Rd8 22.
Bc1 h5 23.c3 Nb3 24.Qc2 c4 25.Nf3 Nxc1 26.Qxc1 Be7 27.Rd5 Rxd5 28.exd5 Bd6
29.Ng5 Rd8 30.Qe3 Qe7 31.h4 Bc5 32.Qxe5 Qxe5 33.Rxe5 f6 34.Ne6 Rd6 35.Re2 
Rxd5 36.Nxc5 Rxc5 37.Re6 a5 38.Rxf6 Kg7 39.Rd6 a4 40.f3 Re5 41.Kf2 Kf7 42.
f4 Re4 43.g3 Re8 44.Rb6 Rd8 45.Rxb5 Rd2+ 46.Kf3 Rd3+ 47.Ke4 Rxg3 48.Rg5 
Rh3 49.f5 Rxh4+ 50.Ke3 gxf5 51.Rxf5+ Kg6 52.Rb5 Rg4 53.Kf3 Rg1 54.Rb4 Rf1+
55.Kg2 Rb1 56.Kg3 Rg1+ 57.Kf2 Rb1 58.Ke3 Kf5 59.Kf3 Rf1+ 60.Kg2 Rb1 61.Kh2
Kg6 62.Rb8 Kf5 63.Rb4 Kg5 64.Rb5+ Kg4 65.Rb4 Kf3 66.Rxa4 Rxb2+ 67.Kh3 Rb1 
68.Kh2 1/2-1/2

[Event "2nd GMA World Cup prel  #1"]
[Site "Belgrade YUG"]
[Date "1988.??.??"]
[Round "?"]
[White "Ostojic, Predrag"]
[Black "Los, Sander"]
[Result "1-0"]
[WhiteElo "2390"]
[BlackElo "2340"]
[EventDate "1988.12.??"]
[PlyCount "91"]

1.e4 c5 2.Nf3 d6 3.d4 cxd4 4.Nxd4 Nf6 5.Nc3 g6 6.g3 Nc6 7.Nde2 Bg7 8.Bg2 
Bd7 9.h3 O-O 10.O-O Rc8 11.Nd5 Nxd5 12.exd5 Ne5 13.a4 Qb6 14.Ra2 Qc5 15.b3
Bf5 16.c4 Bd3 17.Be3 Qc7 18.f4 Bxe2 19.Qxe2 Nd7 20.a5 b6 21.axb6 axb6 22.
Bf2 Rfe8 23.h4 Nc5 24.Rb1 Ra8 25.Rxa8 Rxa8 26.b4 Na4 27.Rc1 Nc3 28.Qd3 Na2
29.Rb1 Nc3 30.Re1 Ra2 31.Bf1 b5 32.cxb5 Qb7 33.Qc4 Rc2 34.Qc6 Ne2+ 35.Rxe2
Rxc6 36.bxc6 Qxb4 37.c7 Qc3 38.Rxe7 Kf8 39.Rd7 Bd4 40.Kg2 Qc2 41.Be2 Qe4+ 
42.Kh2 Qxe2 43.c8=Q+ Kg7 44.Rxf7+ Kh6 45.Qh3 Bxf2 46.Qg2 1-0

[Event "2nd GMA World Cup prel  #1"]
[Site "Belgrade YUG"]
[Date "1988.??.??"]
[Round "?"]
[White "Ostojic, Predrag"]
[Black "Razuvaev, Yury"]
[Result "0-1"]
[WhiteElo "2390"]
[BlackElo "2535"]
[EventDate "1988.12.??"]
[PlyCount "92"]

1.e4 c5 2.Nf3 e6 3.d4 cxd4 4.Nxd4 Nf6 5.Nc3 d6 6.f4 a6 7.Qf3 Qb6 8.Nb3 Qc7
9.Bd3 b5 10.a3 Bb7 11.O-O Nbd7 12.Kh1 Be7 13.Bd2 g6 14.Rae1 Rc8 15.Qh3 h5 
16.Nd4 Nc5 17.Re2 Nxd3 18.cxd3 Qd7 19.Nf3 Rc7 20.Be3 Ng4 21.Bb6 Rc8 22.Bg1
a5 23.Nd1 e5 24.Ne3 exf4 25.Nd5 Bxd5 26.exd5 O-O 27.Nd4 Bg5 28.Nc6 Rce8 
29.Re4 f5 30.Rxe8 Rxe8 31.Nd4 Ne3 32.Rc1 Bf6 33.Ne2 Nxd5 34.Qf3 Qf7 35.Rc6
Rd8 36.Nd4 b4 37.a4 Ne7 38.Ra6 Qd5 39.Qxd5+ Nxd5 40.Rxa5 Ne3 41.Nc6 Rc8 
42.Nxb4 Rc1 43.Na2 Ra1 44.Nc3 Bh4 45.Ne2 Nd1 46.h3 Bg3 0-1

[Event "2nd GMA World Cup prel  #1"]
[Site "Belgrade YUG"]
[Date "1988.??.??"]
[Round "?"]
[White "Palac, Mladen"]
[Black "Arkhipov, Sergei"]
[Result "1/2-1/2"]
[WhiteElo "2335"]
[BlackElo "2460"]
[EventDate "1988.12.??"]
[PlyCount "51"]

1.e4 e5 2.Nf3 Nf6 3.d4 Nxe4 4.Bd3 d5 5.Nxe5 Nd7 6.Nc3 Nxe5 7.dxe5 Bb4 8.
O-O Bxc3 9.bxc3 Be6 10.f4 f5 11.exf6 Qxf6 12.Bxe4 dxe4 13.Qh5+ Qf7 14.Qb5+
c6 15.Qb4 Bd5 16.a4 b6 17.a5 c5 18.Qa4+ Qd7 19.axb6 Qxa4 20.Rxa4 axb6 21.
Rxa8+ Bxa8 22.c4 Rf8 23.Kf2 Rf7 24.Ke3 Rd7 25.Bb2 g6 26.Ra1 1/2-1/2

[Event "2nd GMA World Cup prel  #1"]
[Site "Belgrade YUG"]
[Date "1988.??.??"]
[Round "?"]
[White "Palac, Mladen"]
[Black "Avshalumov, Alexander"]
[Result "1/2-1/2"]
[WhiteElo "2335"]
[BlackElo "2420"]
[EventDate "1988.12.??"]
[PlyCount "215"]

1.e4 c5 2.Nf3 Nc6 3.d4 cxd4 4.Nxd4 Qb6 5.Nb3 Nf6 6.Nc3 e6 7.Bd3 a6 8.O-O 
Be7 9.Bg5 d6 10.Kh1 Bd7 11.Be3 Qc7 12.Na4 Ne5 13.Nb6 Rb8 14.f4 Ng6 15.Nxd7
Qxd7 16.a4 O-O 17.a5 Rfe8 18.Qf3 Rbc8 19.Nd2 Qc6 20.c4 Nd7 21.b4 Bf6 22.
Rab1 Qc7 23.Rfc1 Ne7 24.Nb3 g6 25.Bf1 Bg7 26.Rd1 Nf6 27.Bb6 Qb8 28.Rd2 Nd7
29.Bf2 d5 30.exd5 exd5 31.cxd5 Bc3 32.Rd3 Bxb4 33.Rbd1 Qd6 34.g3 Nc5 35.
Bxc5 Bxc5 36.Bh3 Rc7 37.Re1 Bb4 38.Re4 Rd8 39.f5 Ba3 40.f6 Nc6 41.Qe3 h5 
42.Qh6 Qf8 43.Qxf8+ Bxf8 44.Rc4 Ne5 45.Rxc7 Nxd3 46.Rxb7 Rxd5 47.Rd7 Rd6 
48.Rxd6 Bxd6 49.Bf1 Nb4 50.Nd2 Bc7 51.Nb3 Bd8 52.Nc5 Bxa5 53.Bxa6 Bd8 54.
Bc4 Bxf6 55.Ne4 Be7 56.h4 Nc2 57.Kh2 Ne3 58.Bb3 Kg7 59.Kh3 f5 60.Nd2 Bb4 
61.Nc4 Ng4 62.Kg2 Nf6 63.Kf3 Ne4 64.Bc2 Be1 65.Ne3 Nd6 66.Ng2 Bd2 67.Nf4 
Bb4 68.Bb3 Nb5 69.Ne2 Bc5 70.Bc4 Nd6 71.Bd5 Bb6 72.Nf4 Nb5 73.Ne2 Na3 74.
Nf4 Nc2 75.Bc4 Ba7 76.Ba2 Bb8 77.Ne2 Ne1+ 78.Kf2 Nd3+ 79.Kf3 Ne5+ 80.Kg2 
Ba7 81.Nf4 Be3 82.Bb3 Nc6 83.Ba4 Ne7 84.Kf3 Ba7 85.Bb5 Bb8 86.Ba4 Nc8 87.
Be8 Ne7 88.Ba4 Kf7 89.Bb5 Nc8 90.Ba4 Nd6 91.Bb3+ Kg7 92.Bd5 Ba7 93.Ne2 Nb5
94.Bc4 Nd6 95.Bd5 Bb6 96.Nf4 Nb5 97.Ne2 Na3 98.Ba2 Ba7 99.Nf4 Nc2 100.Bc4 
Bb6 101.Nd5 Ba5 102.Nf4 Be1 103.Bd3 Nd4+ 104.Kg2 Nb3 105.Bc2 Nd4 106.Bd3 
Ba5 107.Bc4 Kf6 108.Nd5+ 1/2-1/2

[Event "2nd GMA World Cup prel  #1"]
[Site "Belgrade YUG"]
[Date "1988.??.??"]
[Round "?"]
[White "Palac, Mladen"]
[Black "Ostojic, Predrag"]
[Result "1-0"]
[WhiteElo "2395"]
[BlackElo "2390"]
[EventDate "1988.12.??"]
[PlyCount "29"]

1.e4 c5 2.Nf3 g6 3.d4 Bg7 4.Nc3 cxd4 5.Nxd4 Nc6 6.Be3 Nf6 7.Bc4 O-O 8.Bb3 
Na5 9.e5 Ne8 10.Bxf7+ Kxf7 11.Ne6 Kxe6 12.Qd5+ Kf5 13.g4+ Kxg4 14.Rg1+ Kh5
15.Qg2 1-0

[Event "2nd GMA World Cup prel  #1"]
[Site "Belgrade YUG"]
[Date "1988.??.??"]
[Round "?"]
[White "Palac, Mladen"]
[Black "Vucic, Mladen"]
[Result "0-1"]
[WhiteElo "2330"]
[BlackElo "2400"]
[EventDate "1988.12.??"]
[PlyCount "142"]

1.e4 e5 2.Nf3 Nc6 3.Bb5 a6 4.Ba4 Nf6 5.O-O Nxe4 6.d4 b5 7.Bb3 d5 8.dxe5 
Be6 9.Nbd2 Nc5 10.c3 Be7 11.Bc2 Bg4 12.Re1 Qd7 13.Nf1 Bh5 14.Ng3 Bg6 15.h4
Rd8 16.Be3 O-O 17.h5 Bxc2 18.Qxc2 Ne6 19.Nf5 Rfe8 20.a4 b4 21.h6 g6 22.
Nxe7+ Qxe7 23.a5 Rb8 24.Ra4 Rb5 25.c4 dxc4 26.Qxc4 Nxa5 27.Qa2 b3 28.Qa1 
Nc6 29.Rxa6 Nb4 30.Qa4 Rbb8 31.Ra5 Nc2 32.Rd1 Red8 33.Rad5 Rxd5 34.Rxd5 
Nxe3 35.fxe3 Rb4 36.Qa8+ Qf8 37.Qxf8+ Kxf8 38.Nd4 Nxd4 39.exd4 Ke7 40.Kf1 
Rc4 41.Rb5 Rc1+ 42.Kf2 Rc2+ 43.Kg3 Rxb2 44.d5 Kd7 45.Rb7 Kc8 46.Rb4 Re2 
47.Kf4 b2 48.g4 Kd7 49.Rb7 Kc8 50.Rb4 Rd2 51.Kg5 Rf2 52.Kh4 Re2 53.Kg5 
Rxe5+ 54.Kf6 Rxd5 55.Rxb2 Rd7 56.Rc2 Kd8 57.Rc3 Kc8 58.Rc2 Kb7 59.Rb2+ Kc6
60.Rc2+ Kb5 61.Rb2+ Kc4 62.Rb7 Kd5 63.g5 Kd6 64.Rb8 c5 65.Rh8 c4 66.Rxh7 
c3 67.Rxf7 c2 68.Rxd7+ Kxd7 69.h7 c1=Q 70.Kxg6 Qc3 71.Kh6 Ke7 0-1

[Event "2nd GMA World Cup prel  #1"]
[Site "Belgrade YUG"]
[Date "1988.??.??"]
[Round "?"]
[White "Palatnik, Semon"]
[Black "Bjelajac, Milan"]
[Result "0-1"]
[WhiteElo "2500"]
[BlackElo "2370"]
[EventDate "1988.12.??"]
[PlyCount "82"]

1.d4 f5 2.Nc3 d5 3.Bg5 Nf6 4.Bxf6 exf6 5.e3 c6 6.Qf3 g6 7.Bd3 Bb4 8.Ne2 
Nd7 9.h3 Ne5 10.dxe5 fxe5 11.O-O-O e4 12.Bxe4 fxe4 13.Nxe4 Rf8 14.Qg3 Qe7 
15.N4c3 Bf5 16.Qh2 h5 17.g3 O-O-O 18.Qg2 g5 19.g4 Bg6 20.Rhg1 h4 21.Kb1 
Rde8 22.Rge1 Qh7 23.Rd2 Qe7 24.a3 Ba5 25.Red1 Qf7 26.f4 Rxe3 27.f5 Bh7 28.
Rd3 Qe7 29.Rxe3 Qxe3 30.Rd3 Qe5 31.Nd4 Bg8 32.Qd2 Bd8 33.Nf3 Qg3 34.Nxg5 
Qg1+ 35.Nd1 Re8 36.Nf3 Qf1 37.Nh2 Qh1 38.c3 Bc7 39.Nf3 Qxh3 40.Nf2 Qf1+ 
41.Nd1 h3 0-1

[Event "2nd GMA World Cup prel  #1"]
[Site "Belgrade YUG"]
[Date "1988.??.??"]
[Round "?"]
[White "Palatnik, Semon"]
[Black "Chernin, Alexander"]
[Result "1-0"]
[WhiteElo "2500"]
[BlackElo "2565"]
[EventDate "1988.12.??"]
[PlyCount "61"]

1.Nf3 Nf6 2.c4 e6 3.g3 b6 4.Bg2 Bb7 5.d4 c5 6.d5 exd5 7.Nh4 g6 8.Nc3 Bg7 
9.Bg5 h6 10.Bxf6 Bxf6 11.Bxd5 Bxd5 12.Qxd5 Bxc3+ 13.bxc3 Nc6 14.Rd1 Qe7 
15.Rd3 O-O-O 16.Re3 Qf6 17.O-O Rhf8 18.Rd1 Kb8 19.Rf3 Qe7 20.Re3 Qf6 21.
Ng2 Rde8 22.Rxe8+ Rxe8 23.Ne3 Rd8 24.Ng4 Qg5 25.h3 f5 26.Qd6+ Kb7 27.Nf6 
h5 28.h4 Qh6 29.Nxd7 Rc8 30.Nxc5+ bxc5 31.Qd7+ 1-0

[Event "2nd GMA World Cup prel  #1"]
[Site "Belgrade YUG"]
[Date "1988.??.??"]
[Round "?"]
[White "Palatnik, Semon"]
[Black "Doric, Dusan"]
[Result "1-0"]
[WhiteElo "2500"]
[BlackElo "2360"]
[EventDate "1988.12.??"]
[PlyCount "47"]

1.d4 Nf6 2.c4 e6 3.g3 d5 4.Bg2 c5 5.cxd5 exd5 6.Nf3 Nc6 7.O-O h6 8.b3 Be7 
9.Bb2 O-O 10.Nc3 b6 11.Rc1 Be6 12.Na4 Ne4 13.dxc5 bxc5 14.Nd2 Nxd2 15.Qxd2
Bg5 16.e3 Rc8 17.Nxc5 d4 18.Nxe6 fxe6 19.Rxc6 Rxc6 20.Bxc6 dxe3 21.Qxd8 
Rxd8 22.fxe3 Bxe3+ 23.Kh1 Bb6 24.Bc1 1-0

[Event "2nd GMA World Cup prel  #1"]
[Site "Belgrade YUG"]
[Date "1988.??.??"]
[Round "?"]
[White "Palatnik, Semon"]
[Black "Dolmatov, Sergei"]
[Result "0-1"]
[WhiteElo "2500"]
[BlackElo "2550"]
[EventDate "1988.12.??"]
[PlyCount "78"]

1.d4 e6 2.c4 f5 3.g3 Nf6 4.Bg2 c6 5.Nf3 d5 6.O-O Bd6 7.b3 Qe7 8.c5 Bc7 9.
Bf4 b6 10.Qc2 Bxf4 11.gxf4 Ne4 12.Ne5 bxc5 13.f3 Nf6 14.Qxc5 Qxc5 15.dxc5 
Nfd7 16.Nd3 Ba6 17.Rc1 Nf8 18.Kf2 Bxd3 19.exd3 Ng6 20.Ke3 d4+ 21.Kxd4 Nxf4
22.Bf1 Nd7 23.Ke3 e5 24.Nd2 Ke7 25.d4 Nd5+ 26.Kf2 exd4 27.Rc4 Ne3 28.Re1 
Kd8 29.Ra4 Kc7 30.Rc1 Nxf1 31.Kxf1 d3 32.Rd4 Ne5 33.f4 Ng4 34.h3 Ne3+ 35.
Kf2 Nd5 36.Rcc4 h6 37.Nf3 Rhe8 38.Rxd3 Re4 39.Ne5 g5 0-1

[Event "2nd GMA World Cup prel  #1"]
[Site "Belgrade YUG"]
[Date "1988.??.??"]
[Round "?"]
[White "Palatnik, Semon"]
[Black "Kosanski, Stanko"]
[Result "1-0"]
[WhiteElo "2500"]
[BlackElo "2390"]
[EventDate "1988.12.??"]
[PlyCount "103"]

1.d4 c5 2.d5 e5 3.e4 d6 4.Nc3 a6 5.a4 Be7 6.Nf3 Bg4 7.h3 Bxf3 8.Qxf3 Bg5 
9.Bxg5 Qxg5 10.Qg4 Qxg4 11.hxg4 h6 12.g5 f6 13.gxf6 Nxf6 14.g3 g5 15.Bh3 
g4 16.Bg2 Nbd7 17.a5 O-O-O 18.Nd1 Rdf8 19.Ne3 Kc7 20.b3 h5 21.c4 Ne8 22.
Ke2 Ng7 23.Raf1 Rhg8 24.f3 gxf3+ 25.Bxf3 Rh8 26.Kd3 Rf6 27.g4 Rfh6 28.g5 
Rg6 29.Rfg1 h4 30.Nf5 Nh5 31.Ke3 Nf4 32.Rxh4 Rxh4 33.Nxh4 Rg8 34.g6 Rg7 
35.Bg4 Nf8 36.Bf5 Nh5 37.Be6 Nxe6 38.dxe6 Nf4 39.e7 Kd7 40.Rg4 Ke8 41.Nf5 
Rxg6 42.Rxg6 Nxg6 43.Nxd6+ Kxe7 44.Nxb7 Nf4 45.Nxc5 Ng2+ 46.Kd2 Nh4 47.Ke2
Ng6 48.Nxa6 Nf4+ 49.Kd2 Ne6 50.b4 Nd8 51.Nc5 Nc6 52.a6 1-0

[Event "2nd GMA World Cup prel  #1"]
[Site "Belgrade YUG"]
[Date "1988.??.??"]
[Round "?"]
[White "Palos, Osman"]
[Black "Krnic, Zdenko"]
[Result "0-1"]
[WhiteElo "2350"]
[BlackElo "2430"]
[EventDate "1988.12.??"]
[PlyCount "120"]

1.c4 e5 2.e3 g6 3.b3 Bg7 4.Bb2 Nc6 5.Nf3 d6 6.d3 f5 7.a3 a5 8.Qc2 Nf6 9.
Be2 O-O 10.Nbd2 h6 11.h3 Ne7 12.c5 Be6 13.Rc1 Rc8 14.Nc4 b6 15.b4 axb4 16.
axb4 g5 17.e4 bxc5 18.bxc5 Nd7 19.exf5 Nxf5 20.Ncd2 Nxc5 21.Nxe5 Bxe5 22.
Bxe5 Nxd3+ 23.Bxd3 dxe5 24.Bc4 Qe7 25.O-O Bxc4 26.Qxc4+ Rf7 27.Rfe1 Nd6 
28.Qd5 Re8 29.f3 Qe6 30.Qd3 Ree7 31.Rc5 Qf5 32.Qe2 Qf4 33.Ne4 Nxe4 34.Qxe4
Qxe4 35.Rxe4 Rf4 36.Rexe5 Rxe5 37.Rxe5 Rc4 38.Re7 Rc2 39.Kh2 c5 40.Rc7 c4 
41.Kg3 c3 42.h4 gxh4+ 43.Kh3 Kf8 44.Rc4 Ke7 45.Rxh4 Rc1 46.Rc4 Kd6 47.Kg4 
Kd5 48.Rc8 Kd4 49.f4 Rf1 50.g3 Kd3 51.Rd8+ Ke3 52.Re8+ Kd2 53.Rd8+ Kc1 54.
Kh5 c2 55.Kxh6 Rf3 56.Rc8 Kd2 57.Rxc2+ Kxc2 58.g4 Kd3 59.g5 Ke4 60.Kh7 Kf5
0-1

[Event "2nd GMA World Cup prel  #1"]
[Site "Belgrade YUG"]
[Date "1988.??.??"]
[Round "?"]
[White "Palos, Osman"]
[Black "Tringov, Georgi"]
[Result "1/2-1/2"]
[WhiteElo "2350"]
[BlackElo "2430"]
[EventDate "1988.12.??"]
[PlyCount "81"]

1.e4 c5 2.Nf3 d6 3.Nc3 Nf6 4.d4 cxd4 5.Nxd4 e6 6.g3 a6 7.Bg2 Bd7 8.O-O Nc6
9.Nce2 Rc8 10.b3 b5 11.Bb2 Be7 12.a3 O-O 13.h3 g6 14.Nxc6 Bxc6 15.Qd3 Qc7 
16.Rac1 Qb7 17.f3 e5 18.Kh2 Rfe8 19.Rb1 Bf8 20.c4 bxc4 21.bxc4 Qc7 22.Nc3 
Nd7 23.Nd5 Bxd5 24.cxd5 Nc5 25.Qc4 Bh6 26.h4 Qa7 27.Bh3 Rc7 28.Ba1 Rb8 29.
Rb4 a5 30.Rb5 a4 31.Bg2 Nb3 32.Rxb8+ Qxb8 33.Qxa4 Nxa1 34.Rxa1 Qb2 35.Qb4 
Qxa1 36.Qb8+ Kg7 37.Qxc7 Qxa3 38.Qc2 Be3 39.Qe2 Bc5 40.Bf1 Qc1 41.Kh3 
1/2-1/2

[Event "2nd GMA World Cup prel  #1"]
[Site "Belgrade YUG"]
[Date "1988.??.??"]
[Round "?"]
[White "Panchenko, Alexander"]
[Black "Laketic, Gojko"]
[Result "1/2-1/2"]
[WhiteElo "2475"]
[BlackElo "2400"]
[EventDate "1988.12.??"]
[PlyCount "52"]

1.e4 c6 2.d4 d5 3.Nd2 dxe4 4.Nxe4 Bf5 5.Ng3 Bg6 6.Nh3 Nf6 7.Nf4 Nd5 8.Nxg6
hxg6 9.Ne4 e6 10.g3 Nf6 11.Bg2 Nxe4 12.Bxe4 Nd7 13.Bg2 Qa5+ 14.c3 Qa6 15.
a4 Rd8 16.a5 Qb5 17.Qe2 Qxe2+ 18.Kxe2 a6 19.b4 Nf6 20.Bg5 Be7 21.h4 Nd5 
22.Bxe7 Kxe7 23.c4 Nc7 24.Rad1 Rd7 25.Rd3 Rhd8 26.Rhd1 Ne8 1/2-1/2

[Event "2nd GMA World Cup prel  #1"]
[Site "Belgrade YUG"]
[Date "1988.??.??"]
[Round "?"]
[White "Panchenko, Alexander"]
[Black "Ristic, Nebojsa"]
[Result "1-0"]
[WhiteElo "2475"]
[BlackElo "2360"]
[EventDate "1988.12.??"]
[PlyCount "45"]

1.Nf3 Nf6 2.c4 g6 3.b4 a5 4.b5 c5 5.Bb2 Bg7 6.g3 b6 7.Bg2 Bb7 8.O-O O-O 9.
d3 d5 10.cxd5 Nxd5 11.Bxg7 Kxg7 12.d4 Nd7 13.e4 Nc7 14.Nc3 cxd4 15.Qxd4+ 
Kg8 16.Rad1 Nc5 17.Qe5 Nd7 18.Qf4 Kg7 19.Bh3 e6 20.Ne5 Bc8 21.Nxd7 Bxd7 
22.Qd6 Bxb5 23.Nxb5 1-0

[Event "2nd GMA World Cup prel  #1"]
[Site "Belgrade YUG"]
[Date "1988.??.??"]
[Round "?"]
[White "Panchenko, Alexander"]
[Black "Sekulic, Dusan"]
[Result "0-1"]
[WhiteElo "2475"]
[BlackElo "2305"]
[EventDate "1988.12.??"]
[PlyCount "84"]

1.e4 e5 2.Nf3 Nc6 3.Bb5 f5 4.Nc3 fxe4 5.Nxe4 d5 6.Ng3 Bg4 7.d4 e4 8.h3 Bd7
9.Bxc6 bxc6 10.Ne5 Nf6 11.Nh5 g6 12.Nxf6+ Qxf6 13.O-O Bd6 14.Be3 Qe6 15.f4
O-O 16.c4 Rab8 17.Qe2 Rb4 18.c5 Be7 19.Kh1 Bf6 20.Rab1 Rfb8 21.b3 a5 22.
Qc2 Bc8 23.a3 R4b5 24.Bd2 Ba6 25.Qc3 a4 26.b4 Rf8 27.g4 Bxe5 28.dxe5 Rbb8 
29.Rf2 d4 30.Qxd4 Rbd8 31.Qxe4 Bd3 32.Qe1 Bxb1 33.Qxb1 Rd4 34.Be3 Qd5+ 35.
Kh2 Rd3 36.Qc1 Qe4 37.Bd2 Rfd8 38.Qe1 Qd4 39.Bc1 Rd1 40.Qe3 Qd5 41.Rg2 Qc4
42.Bb2 Qf1 0-1

[Event "2nd GMA World Cup prel  #1"]
[Site "Belgrade YUG"]
[Date "1988.??.??"]
[Round "?"]
[White "Paulic, Branko"]
[Black "Crawley, Gavin"]
[Result "0-1"]
[WhiteElo "2225"]
[BlackElo "2380"]
[EventDate "1988.12.??"]
[PlyCount "70"]

1.e4 e5 2.Nf3 Nc6 3.Bc4 Nf6 4.d3 Bc5 5.Nc3 d6 6.Bg5 Na5 7.Bxf6 gxf6 8.Ne2 
f5 9.exf5 Nxc4 10.dxc4 Bxf5 11.Ng3 Bg6 12.Qe2 Qe7 13.O-O-O O-O-O 14.Ne4 
Bb6 15.g4 f5 16.gxf5 Bxf5 17.Nfd2 Rhg8 18.f3 Bh3 19.c5 Rg2 20.Qe3 Bxc5 21.
Nxc5 dxc5 22.Ne4 b6 23.Rxd8+ Qxd8 24.Rd1 Qg8 25.b3 Rxh2 26.Qd3 Bf5 27.Kb2 
Rg2 28.a4 a5 29.Qa6+ Kb8 30.Nd6 Rxc2+ 31.Ka3 Bc8 32.Nxc8 Qxc8 33.Qd3 Rg2 
34.Qxh7 Qf8 35.Qh4 c4+ 0-1

[Event "2nd GMA World Cup prel  #1"]
[Site "Belgrade YUG"]
[Date "1988.??.??"]
[Round "?"]
[White "Paulic, Branko"]
[Black "Yanovsky, Sergei"]
[Result "1/2-1/2"]
[WhiteElo "2225"]
[BlackElo "2375"]
[EventDate "1988.12.??"]
[PlyCount "28"]

1.e4 e5 2.Nc3 Nf6 3.g3 d5 4.exd5 Nxd5 5.Bg2 Nxc3 6.bxc3 Bd6 7.Nf3 O-O 8.
O-O Nc6 9.d3 Bg4 10.Qe1 Qd7 11.Rb1 Rab8 12.Qe4 h6 13.Re1 Bh3 14.Bh1 Rfe8 
1/2-1/2

[Event "2nd GMA World Cup prel  #1"]
[Site "Belgrade YUG"]
[Date "1988.??.??"]
[Round "?"]
[White "Paulic, Branko"]
[Black "Renet, Olivier"]
[Result "0-1"]
[WhiteElo "2225"]
[BlackElo "2440"]
[EventDate "1988.12.??"]
[PlyCount "80"]

1.e4 c5 2.Nc3 d6 3.g3 Nc6 4.Bg2 g6 5.d3 Bg7 6.f4 e6 7.Nf3 Nge7 8.O-O O-O 
9.Be3 Nd4 10.e5 dxe5 11.Nxe5 Rb8 12.Ne4 b6 13.c3 Ndf5 14.Bf2 Bb7 15.Qe2 
Qc7 16.g4 Nd5 17.gxf5 exf5 18.Bg3 fxe4 19.d4 f5 20.c4 Nf6 21.d5 Nh5 22.
Rad1 Nxg3 23.hxg3 Bxe5 24.fxe5 Qxe5 25.Qe3 Rbd8 26.b3 Rd6 27.Rf2 Kg7 28.
Rdf1 Rdf6 29.Bh3 Bc8 30.Bg2 Bd7 31.Rd2 h6 32.a4 a5 33.Rfd1 Rd6 34.Bh1 Be8 
35.Rh2 g5 36.Rdd2 Bg6 37.Rhg2 f4 38.gxf4 gxf4 39.Qh3 e3 40.Rd1 f3 0-1

[Event "2nd GMA World Cup prel  #1"]
[Site "Belgrade YUG"]
[Date "1988.??.??"]
[Round "?"]
[White "Paunovic, Dragan"]
[Black "Baquero, Luis"]
[Result "1-0"]
[WhiteElo "2430"]
[BlackElo "2345"]
[EventDate "1988.12.??"]
[PlyCount "75"]

1.d4 e6 2.Nf3 c5 3.g3 d5 4.Bg2 Nc6 5.O-O Nf6 6.c4 dxc4 7.Qa4 Bd7 8.Qxc4 b5
9.Qd3 Rc8 10.dxc5 Bxc5 11.Nc3 b4 12.Ne4 Nxe4 13.Qxe4 Qb6 14.Qg4 O-O 15.Bh6
Bd4 16.Rad1 f5 17.Qh4 Bf6 18.Bg5 Rcd8 19.Bxf6 gxf6 20.Rd6 Rf7 21.Nd4 Be8 
22.Rxd8 Nxd8 23.Rc1 Rd7 24.e3 Kg7 25.Nb3 Bg6 26.Qc4 e5 27.h4 Bf7 28.Qc2 
Bxb3 29.axb3 f4 30.gxf4 exf4 31.Qf5 Rc7 32.Rxc7+ Qxc7 33.exf4 Nf7 34.Be4 
Qc1+ 35.Kg2 Qxb2 36.Qxh7+ Kf8 37.Bd5 Nd8 38.Qd7 1-0

[Event "2nd GMA World Cup prel  #1"]
[Site "Belgrade YUG"]
[Date "1988.??.??"]
[Round "?"]
[White "Paunovic, Dragan"]
[Black "Brkljaca, Ante"]
[Result "1/2-1/2"]
[WhiteElo "2430"]
[BlackElo "2355"]
[EventDate "1988.12.??"]
[PlyCount "113"]

1.d4 Nf6 2.Nf3 e6 3.g3 c5 4.Bg2 Nc6 5.O-O cxd4 6.Nxd4 Qb6 7.Nb3 d5 8.N1d2 
Be7 9.c4 O-O 10.cxd5 Nxd5 11.e4 Ndb4 12.a3 Na6 13.Nc4 Qb5 14.Ne3 Rd8 15.
Qc2 Rd3 16.Nd2 Nd4 17.Qb1 Ne2+ 18.Kh1 Nxc1 19.Qxc1 Bd7 20.Rd1 Rc8 21.Qb1 
Rd4 22.Bf1 Qh5 23.Ndc4 Rxd1 24.Qxd1 Qxd1 25.Nxd1 Nc5 26.Nc3 Bc6 27.f3 Rd8 
28.Rd1 Rxd1 29.Nxd1 Nb3 30.Kg2 Bc5 31.Nc3 f6 32.Nd1 Kf7 33.Nce3 Ke7 34.Nc2
a5 35.Nc3 Nd4 36.Nxd4 Bxd4 37.Bc4 Kd6 38.Kf1 e5 39.Ke2 Kc5 40.Kd3 b5 41.
Bg8 b4 42.axb4+ axb4 43.Nd1 Bb5+ 44.Kd2 Bg1 45.Ke1 h6 46.h4 Kd4 47.Kd2 g6 
48.Bf7 Bh2 49.h5 gxh5 50.Ne3 Bd7 51.Nf5+ Bxf5 52.exf5 e4 53.fxe4 Kxe4 54.
Ke2 Bxg3 55.Bxh5 b3 56.Bf7 Kxf5 57.Kf3 1/2-1/2

[Event "2nd GMA World Cup prel  #1"]
[Site "Belgrade YUG"]
[Date "1988.??.??"]
[Round "?"]
[White "Paunovic, Dragan"]
[Black "Vucicevic, Moma"]
[Result "1/2-1/2"]
[WhiteElo "2430"]
[BlackElo "2370"]
[EventDate "1988.12.??"]
[PlyCount "94"]

1.d4 Nf6 2.Nf3 d5 3.c4 c6 4.e3 Bf5 5.Nc3 e6 6.Nh4 Bg4 7.Qb3 Qc8 8.h3 Bh5 
9.g4 Bg6 10.Nxg6 hxg6 11.Bg2 Nbd7 12.Bd2 Nb6 13.cxd5 exd5 14.O-O-O Be7 15.
Kb1 O-O 16.Ka1 Nc4 17.Bc1 b5 18.g5 Nh7 19.e4 Na5 20.Qc2 b4 21.Na4 Nxg5 22.
exd5 cxd5 23.Qe2 Ne6 24.Bxd5 Rb8 25.Rhe1 Qd7 26.Bxe6 Qxa4 27.b3 Qc6 28.Bg4
Bf6 29.Bb2 Rfe8 30.Qd3 Rxe1 31.Rxe1 Qd6 32.Qg3 Qxg3 33.fxg3 Rd8 34.Bf3 
Bxd4 35.Bxd4 Rxd4 36.Re5 Rd3 37.Be4 Rd4 38.Ba8 Rd8 39.Be4 Rd4 40.Kb2 f6 
41.Rxa5 Rxe4 42.Rxa7 Re2+ 43.Kb1 Rg2 44.Ra4 Rg1+ 45.Kc2 Rg2+ 46.Kd1 Rg1+ 
47.Kc2 Rg2+ 1/2-1/2

[Event "2nd GMA World Cup prel  #1"]
[Site "Belgrade YUG"]
[Date "1988.??.??"]
[Round "?"]
[White "Paunovic, Tomislav"]
[Black "Grimberg, Gilbert"]
[Result "0-1"]
[WhiteElo "2420"]
[BlackElo "2320"]
[EventDate "1988.12.??"]
[PlyCount "64"]

1.d4 Nf6 2.c4 e6 3.Nc3 d5 4.Bg5 Be7 5.cxd5 exd5 6.e3 O-O 7.Bd3 Re8 8.Nge2 
Nbd7 9.Ng3 Nf8 10.Nf5 Bxf5 11.Bxf5 c6 12.Qc2 Ne4 13.Bf4 Ng6 14.Bg3 Qa5 15.
Bxe4 dxe4 16.Qxe4 Bf6 17.Qd3 c5 18.O-O cxd4 19.exd4 Red8 20.Qf3 Bxd4 21.
Qxb7 Bxc3 22.bxc3 Qxc3 23.Rad1 Qa3 24.h4 h6 25.Bc7 Re8 26.h5 Nf8 27.Qd5 
Rac8 28.Bd6 Qa6 29.Rd3 Re6 30.Be5 Rxe5 31.Qxe5 Qxd3 32.Re1 Ne6 0-1